000
00315nam a22001457a 4500
008
231124b ||||| |||| 00| 0 eng d
020
_a
9780813108377
041
_a
eng
080
_a
618
082
_a
618WOL
100
_a
15
101
_a
GJINEK
245
_a
DAUGHTERS OF CANAAN
_c
WOLF .R.M
942
_2
udc
_c
BK
999
_c
60506
_d
60506